LEADER 00793nas a2200241 i 4500 001 991002627829707536 005 20231114120917.0 008 011205m19669999 || | |fre 022 $a0018-4306 035 $ab1168575x-39ule_inst 035 $aPERLE004049$9ExL 080 $aCDU 301 229 2$aL'Homme et la société 245 02$aL'Homme et la société. - 1966- 260 $aParis,$c1966- 591 $aCodice CNR: P 00019011 592 $aLE005 1970-1972; lac.: 1970-1971; 907 $a.b1168575x$b02-04-14$c08-07-02 912 $a991002627829707536 945 $aLE005 MF Per 147$g1$lle005$o-$pE0.00$q-$rn$so $t18$u0$v0$w0$x0$y.i11914944$z08-07-02 996 $aHomme et la société. - 1966-$93590529 997 $aUNISALENTO 998 $ale005$b01-01-01$cs$da $e-$ffre$gxx $h2$i1